000 00434nam a2200169Ia 4500
003 GCL
008 140319s9999 xx 000 0 ara d
040 _aGCL /
_cGCL
082 0 4 _a243
_bع م
245 1 0 _aالموت: عظاتة واحكامة
260 _a[S.N] :
_bمكتبة التراث الاسلامى
300 _a54 ص
490 _a
650 0 4 _aالموت
650 0 4 _aالفقه الاسلامى
942 _2ddc
_cBK
999 _c33234
_d33234